A quel rappeur français appartient cette chanson ? - #2 - Statistiques

Statistiques générales
  • Ce quiz a été pris 112 fois
  • Le résultat moyen est 13 sur 20
Statistiques - réponses
Hint Réponse % Correct
Réseaux Niska
91%
Freeze Rael Freeze Corleone
89%
Haine&Sex Gazo
78%
Monaco Guy2Bezbar
76%
Hé Oh Gambi
73%
Binta Alonzo
68%
Bonbon à la menthe Jok'Air
68%
Zipette Ninho
68%
Habitué Dosseh
67%
Pétunias Werenoi
66%
Du Ferme La Fouine
64%
Canon LaMano 1.9
64%
Macaroni Leto
60%
J'aime Bien! Josman
58%
Médusa Landy
57%
Helsinki Dinos
56%
A.W.A Lacrim
53%
Seine Saint-Denis Style Suprême NTM
52%
Gravé dans la roche Sniper
48%
Système Luidji
36%
Aucun quiz correspondant
Distribution des résultats
% des personnes avec chaque résultat
Percentile par nombre de réponses
Votre historique - résultats
Vous n’avez pas pris ce quiz